[Event "Reykjavik Open 2018"]
[Site "Reykjavik ISL"]
[Date "2018.03.08"]
[Round "4.103"]
[White "Danielsson, Sigurdur"]
[Black "Haile, Batel Goitom"]
[Result "1/2-1/2"]
[WhiteElo "1791"]
[BlackElo "1361"]
[WhiteFideId "2301792"]
[BlackFideId "2315190"]
[EventDate "2018.03.06"]

1. e4 c5 2. b4 b6 3. bxc5 bxc5 4. c3 Bb7 5. Qc2 e5 6. Nf3 d6 7. Bb5+ Nd7 8. d4
cxd4 9. cxd4 Rc8 10. Qb2 exd4 11. O-O Nf6 12. Re1 Be7 13. e5 dxe5 14. Nxe5 O-O
15. Nxd7 Nxd7 16. Nd2 Nb6 17. Ne4 Qd5 18. f3 f5 19. Nf2 Bf6 20. Bd3 Nc4 21. Qb3
Ne3 22. Rb1 Qxb3 23. Rxb3 Bd5 24. Ra3 Rc7 25. h3 f4 26. Ng4 Bh4 27. Nf2 Rfc8 28.
Bd2 Bg3 29. Rb1 Bc4 30. Be4 Be2 31. Bd3 Nc4 32. Bxc4+ Rxc4 33. Ne4 Rc2 34. Rxa7
Bd3 35. Nxg3 fxg3 36. Bf4 Re2 37. Rd1 Rcc2 38. Bxg3 Rxg2+ 39. Kh1 Rxg3 40. Rxd3
Rxh3+ 41. Kg1 Rg3+ 42. Kf1 Rh3 43. Kg1 Rg3+ 44. Kf1 Rc3 45. Rxd4 Rgxf3+ 46. Kg2
h6 47. a4 Ra3 48. Rg4 Rf7 49. Ra8+ Kh7 50. Re4 Rb7 51. Re2 Rb4 52. a5 Rba4 53.
Re5 Rb4 54. Kf2 Rf4+ 55. Ke2 Rh4 56. Kf2 Rh2+ 57. Kg1 Rb2 58. Rf8 Ra1+ 59. Rf1
Raa2 60. Rfe1 Rg2+ 61. Kh1 Rg6 62. Rg1 Rxg1+ 63. Kxg1 Kg6 64. Rb5 Kf6 65. Rb6+
Kg5 66. Rb5+ Kh4 67. Rb4+ Kh5 68. Rb5+ g5 69. Kf1 Kh4 70. Rb6 Rxa5 71. Rxh6+ Kg3
72. Rg6 g4 73. Ke2 Re5+ 74. Kf1 Re4 75. Rf6 Re3 76. Rd6 Rf3+ 77. Kg1 Rf2 78.
Rd3+ Rf3 79. Rd2 Ra3 80. Rg2+ Kf4 81. Rf2+ Rf3 82. Kg2 Ke3 83. Ra2 Rf5 84. Kg3 1/2-1/2

[Event "Reykjavik Open 2018"]
[Site "Reykjavik ISL"]
[Date "2018.03.08"]
[Round "4.104"]
[White "Peoples, Jonathon"]
[Black "Hjaltason, Magnus"]
[Result "1-0"]
[WhiteElo "1763"]
[BlackElo "1281"]
[WhiteFideId "2509520"]
[BlackFideId "2312883"]
[EventDate "2018.03.06"]

1. e4 e5 2. Nf3 Nc6 3. Bc4 Bc5 4. c3 d6 5. O-O Nf6 6. d3 O-O 7. Be3 Bb6 8. Nbd2
Bg4 9. Rc1 Bxf3 10. Nxf3 Ng4 11. d4 Qc8 12. h3 Nf6 13. Bg5 Qd8 14. Bd5 Qe8 15.
Nh4 Nd7 16. Nf5 g6 17. Bxc6 bxc6 18. Ne7+ Kh8 19. Nxc6 a5 20. dxe5 Nxe5 21. Bf6+
Kg8 22. Ne7+ 1-0

[Event "Reykjavik Open 2018"]
[Site "Reykjavik ISL"]
[Date "2018.03.08"]
[Round "4.105"]
[White "Walker, Gordon J"]
[Black "Kvendseth, Thyra"]
[Result "0-1"]
[WhiteElo "1509"]
[BlackElo "1757"]
[WhiteFideId "2406497"]
[BlackFideId "1520628"]
[EventDate "2018.03.06"]

1. d4 Nf6 2. Nf3 g6 3. Bg5 Bg7 4. c3 d6 5. Nbd2 O-O 6. e4 c5 7. Bd3 cxd4 8. cxd4
Nc6 9. O-O h6 10. Be3 b6 11. Qb3 Bb7 12. Rac1 Rc8 13. h3 e6 14. Nc4 d5 15. exd5
Nxd5 16. Nce5 Nxe3 17. fxe3 Nxe5 18. Rxc8 Nxf3+ 19. Rxf3 Qxc8 20. Rg3 Qc7 21.
Kf2 Bd5 22. Qd1 Qe7 23. b3 Rc8 24. Bb1 Qh4 25. Qg4 Qxg4 26. Rxg4 h5 27. Rg5 Bf6 0-1

[Event "Reykjavik Open 2018"]
[Site "Reykjavik ISL"]
[Date "2018.03.08"]
[Round "4.106"]
[White "Fjallheim, Leif Reinert"]
[Black "Steinthorsson, Birgir Logi"]
[Result "1-0"]
[WhiteElo "1737"]
[BlackElo "1062"]
[WhiteFideId "7201788"]
[BlackFideId "2312093"]
[EventDate "2018.03.06"]

1. g3 e5 2. Bg2 g6 3. d3 Bg7 4. Nf3 Ne7 5. c4 O-O 6. Nc3 Nbc6 7. Rb1 d5 8. Nd2
dxc4 9. Nxc4 Be6 10. O-O Rb8 11. a4 f5 12. Nd2 f4 13. Nde4 fxg3 14. fxg3 Nf5 15.
Ng5 Qd4+ 16. Kh1 Rbe8 17. Nxe6 Rxe6 18. Bd5 Nd8 19. Bxe6+ Nxe6 20. e4 Nc5 21.
exf5 Nxd3 22. Qe2 Rxf5 23. Be3 Qd7 24. Rxf5 Qxf5 25. Rf1 Qd7 26. Rd1 Qc6+ 27.
Qg2 e4 28. Qxe4 Nxb2 29. Rd8+ Kf7 30. Qxc6 bxc6 31. Rd7+ Kg8 32. Ne4 Nxa4 33.
Rxc7 a5 34. Rxc6 Nb2 35. Ng5 a4 36. Rc8+ Bf8 37. Bc5 Kg7 38. Rxf8 Kh6 39. Nxh7
Kxh7 40. Bd4 g5 41. Bxb2 1-0

[Event "Reykjavik Open 2018"]
[Site "Reykjavik ISL"]
[Date "2018.03.08"]
[Round "4.108"]
[White "Alexandersson, Orn"]
[Black "Miranda Herrera, Miguel"]
[Result "0-1"]
[WhiteElo "1466"]
[BlackElo "1722"]
[WhiteFideId "2315912"]
[BlackFideId "24507067"]
[EventDate "2018.03.06"]

1. d4 d5 2. c4 c6 3. Nf3 Nf6 4. Nc3 g6 5. Bg5 dxc4 6. a4 Nd5 7. Qb1 Nxc3 8. bxc3
Qa5 9. Bd2 Nd7 10. e4 Nb6 11. Ne5 Be6 12. Qa2 Bg7 13. Nxc4 Qh5 14. a5 Nxc4 15.
Bxc4 Bxc4 16. Qxc4 Qg4 17. O-O Qxe4 18. Rfe1 Qd5 19. Qb4 Qd7 20. Re2 e6 21. Rb1
b6 22. axb6 axb6 23. Qxb6 O-O 24. h3 Qd6 25. Qb2 c5 26. dxc5 Qxc5 27. Qb4 Qd5
28. c4 Qd3 29. Re3 Qc2 30. Rc1 Qa4 31. Qxa4 Rxa4 32. c5 Ra2 33. Rd3 Rxd2 34.
Rxd2 Bh6 35. Rdc2 Bxc1 36. Rxc1 Rc8 37. Kf1 Kf8 38. Ke2 Rd8 39. Rc2 Ke7 40. Ke3
e5 41. f4 Ke6 42. fxe5 Kxe5 43. Kf3 h5 44. Ke3 Rc8 45. Rc1 Rc6 46. g4 h4 47. g5
Rc7 48. Rc4 Kf5 49. Rxh4 Rxc5 50. Rf4+ Kxg5 51. Rxf7 Rc3+ 52. Kf2 Rxh3 53. Ra7
Kh5 54. Rb7 g5 55. Rb8 Kh4 56. Ra8 Rb3 57. Ra2 Kh3 58. Kg1 Rb1+ 59. Kf2 Rb3 60.
Kg1 g4 61. Rh2+ Kg3 62. Rg2+ Kf4 63. Rf2+ Kg5 64. Ra2 Rg3+ 65. Rg2 Rf3 66. Rf2
Kf4 67. Rxf3+ Kxf3 68. Kf1 g3 69. Kg1 g2 0-1

[Event "Reykjavik Open 2018"]
[Site "Reykjavik ISL"]
[Date "2018.03.08"]
[Round "4.110"]
[White "Tsanaclis, Albert"]
[Black "Hallsson, Jon Eggert"]
[Result "0-1"]
[WhiteElo "1429"]
[BlackElo "1684"]
[WhiteFideId "2624834"]
[BlackFideId "2311569"]
[EventDate "2018.03.06"]

1. e4 c6 2. d4 d5 3. e5 c5 4. dxc5 Nc6 5. Bb5 e6 6. Be3 Bd7 7. Bxc6 Bxc6 8. Nf3
Ne7 9. O-O Nf5 10. Qd2 Nxe3 11. Qxe3 Qa5 12. c3 Bxc5 13. Qg5 Qc7 14. b4 Bb6 15.
a4 Qe7 16. Qxe7+ Kxe7 17. Nd4 a5 18. b5 Bd7 19. Nd2 Rac8 20. Rfc1 f6 21. N4f3 g5
22. c4 g4 23. exf6+ Kxf6 24. Ne1 h5 25. Nd3 h4 26. c5 Ba7 27. b6 Bb8 28. Nb3 g3
29. Nxa5 e5 30. Nxb7 e4 31. Nb4 Be5 32. Nxd5+ Kg5 33. Nc3 e3 34. fxe3 gxh2+ 35.
Kh1 h3 36. Na5 hxg2+ 37. Kxg2 Ra8 38. Ne4+ Kh4 39. Rc4 Bh3+ 40. Kh1 Be6 41. Ra2
Rxa5 42. Rxh2+ Bxh2 43. Rb4 Kg4 44. Kg2 Be5 45. Nd6+ Kh5 46. Nb5 Bd5+ 47. Kf2
Rc8 48. e4 Be6 49. c6 Rxc6 50. Na7 Rxb6 51. Rxb6 Bd4+ 0-1

[Event "Reykjavik Open 2018"]
[Site "Reykjavik ISL"]
[Date "2018.03.08"]
[Round "4.111"]
[White "Gunnarsson, Baltasar Mani Wedhol"]
[Black "Heimisson, Hilmir Freyr"]
[Result "0-1"]
[BlackTitle "CM"]
[WhiteElo "1270"]
[BlackElo "2224"]
[WhiteFideId "2311917"]
[BlackFideId "2309998"]
[EventDate "2018.03.06"]

1. e4 c5 2. Nc3 d6 3. f4 Nc6 4. Nf3 g6 5. Bb5 Bd7 6. Bxc6 Bxc6 7. d3 Bg7 8. Bd2
b5 9. Rb1 b4 10. Ne2 Nf6 11. Ng3 Qb6 12. h3 Nd7 13. Be3 Qa6 14. Bc1 Qxa2 15. Be3
Bxb2 16. O-O Bg7 17. Qd2 Ba4 18. c4 Qxd2 19. Nxd2 Bc2 20. Rbc1 Bxd3 21. Rf2 a5
22. f5 a4 23. fxg6 hxg6 24. Kh1 O-O 25. Nf3 Nb6 26. Nd2 Rfb8 27. h4 a3 28. h5 a2
29. hxg6 fxg6 0-1

[Event "Reykjavik Open 2018"]
[Site "Reykjavik ISL"]
[Date "2018.03.08"]
[Round "4.112"]
[White "Ontiveros, John"]
[Black "Sigfusson, Ottar Orn Bergmann"]
[Result "1-0"]
[WhiteElo "1736"]
[BlackElo "1100"]
[WhiteFideId "2303981"]
[BlackFideId "2313057"]
[EventDate "2018.03.06"]

1. d4 Nf6 2. c4 e6 3. Nc3 d5 4. Nf3 Be7 5. e3 b6 6. Be2 Bb7 7. O-O c5 8. b3 O-O
9. Bb2 Nc6 10. Rc1 Qd7 11. h3 h6 12. Re1 Rad8 13. Ne5 Nxe5 14. dxe5 Ne4 15. Qc2
Nxc3 16. Qxc3 d4 17. exd4 cxd4 18. Qd3 Bc6 19. Red1 Bc5 20. Qg3 f6 21. Bd3 fxe5
22. Qxe5 Qf7 23. Rf1 Bd6 24. Qe2 e5 25. Qg4 Qf4 26. Qe6+ Qf7 27. Qg4 Qf4 28.
Qxf4 Rxf4 29. Rce1 e4 30. g3 Bb4 31. gxf4 Bxe1 32. Rxe1 exd3 33. Bc1 Rd6 34. Re5
Rg6+ 35. Kf1 Bg2+ 36. Ke1 Rd6 37. Kd2 Bf1 38. Bb2 Rf6 39. Bxd4 Rxf4 40. Be3 Rh4
41. a4 Bxh3 42. Kxd3 Bf1+ 43. Kc3 h5 44. a5 Rh1 45. axb6 axb6 46. Bxb6 h4 47.
Re1 Bg2 48. Rxh1 Bxh1 49. Kd4 Kf7 50. Bc7 Ke7 51. Bf4 Kd7 52. Kc5 Kc8 53. b4 Kb7
54. Kd6 Bc6 55. b5 Bxb5 56. cxb5 Kb6 57. Ke6 Kxb5 58. Kf7 Kc4 59. Kxg7 Kd3 60.
Bh2 Ke4 61. f4 Kf5 62. Kh6 Kg4 63. Kg6 Kh3 64. f5 Kxh2 65. f6 Kg3 66. f7 h3 67.
f8=Q h2 68. Qf1 1-0

[Event "Reykjavik Open 2018"]
[Site "Reykjavik ISL"]
[Date "2018.03.08"]
[Round "4.113"]
[White "Grymer-Hansen, Soren"]
[Black "Moller, Tomas"]
[Result "1-0"]
[WhiteElo "1706"]
[BlackElo "1071"]
[WhiteFideId "1428543"]
[BlackFideId "2315343"]
[EventDate "2018.03.06"]

1. e4 c5 2. f4 e6 3. Nf3 d5 4. e5 Nc6 5. c3 Qc7 6. Bd3 f6 7. Qe2 c4 8. Bc2 Bc5
9. d4 cxd3 10. Bxd3 Bd7 11. Nbd2 O-O-O 12. Nb3 Bb6 13. Be3 fxe5 14. Bxb6 Qxb6
15. Nxe5 Nxe5 16. Qxe5 Nf6 17. O-O-O Ng4 18. Qe2 Nf2 19. Rhf1 Nxd1 20. Rxd1 Rhf8
21. g3 g6 22. Nd4 Rde8 23. Nf3 Qa5 24. Kb1 a6 25. Qe5 Qc5 26. Qg7 Qe7 27. Qd4
Bc6 28. Re1 Kc7 29. Re5 Qd6 30. Qe3 Re7 31. Nd4 Rf6 32. g4 Bd7 33. h4 Ref7 34.
g5 Rxf4 35. Nxe6+ Bxe6 36. Rxe6 Rf3 37. Qe1 Qd7 38. Qe5+ Kc8 39. Re8+ Qxe8 40.
Qxe8+ Kc7 41. Qe5+ Kc6 42. Kc2 Rf2+ 43. Kb3 R2f3 44. Be2 R3f4 45. Bd3 Rf3 46.
Bxg6 hxg6 47. Qe6+ Kc5 48. Qxg6 a5 49. Qe6 b5 50. a3 b4 51. axb4+ axb4 52. Qc8+
Kb5 53. Qb8+ Kc6 54. Qa8+ Kb6 55. Qxd5 bxc3 56. bxc3 Rf1 57. g6 Rb7 58. g7 Rxg7
59. Qd4+ Kb5 60. Qxg7 Rb1+ 61. Kc2 1-0

[Event "Reykjavik Open 2018"]
[Site "Reykjavik ISL"]
[Date "2018.03.08"]
[Round "4.114"]
[White "Davidsson, Stefan Orri"]
[Black "Hannesson, Sigurdur Orn"]
[Result "1-0"]
[WhiteElo "1365"]
[BlackElo "1623"]
[WhiteFideId "2311399"]
[BlackFideId "2316056"]
[EventDate "2018.03.06"]

1. e4 d6 2. d4 Nf6 3. Nc3 g6 4. Nf3 Bg7 5. Bc4 O-O 6. O-O c6 7. Bg5 Nbd7 8. e5
d5 9. Bd3 Ne8 10. Qd2 f6 11. Bh6 fxe5 12. dxe5 Nc5 13. Bxg7 Nxg7 14. Qh6 Nce6
15. Ne2 Nf5 16. Bxf5 Rxf5 17. Ng3 Rf7 18. Ng5 Nxg5 19. Qxg5 Qf8 20. h4 Qg7 21.
Rfd1 Bf5 22. Rd2 Qxe5 23. c3 e6 24. Re2 Qf6 25. Rae1 Raf8 26. f3 Kg7 27. Nh5+
Kg8 28. Nxf6+ Rxf6 29. g4 Bd3 30. Rxe6 Rxf3 31. Re8 Be4 32. Rxf8+ Rxf8 33. Rf1 1-0

[Event "Reykjavik Open 2018"]
[Site "Reykjavik ISL"]
[Date "2018.03.08"]
[Round "4.115"]
[White "Olafsson, Arni"]
[Black "Piovar, Jaroslav"]
[Result "1-0"]
[WhiteElo "1231"]
[BlackElo "1592"]
[WhiteFideId "2313510"]
[BlackFideId "14927004"]
[EventDate "2018.03.06"]

1. e4 e6 2. d4 d5 3. Nd2 Nf6 4. e5 Nfd7 5. c3 c5 6. Ngf3 Nc6 7. Be2 cxd4 8. cxd4
f6 9. exf6 Qxf6 10. Nb3 h6 11. a3 Bd6 12. Qc2 O-O 13. O-O Rd8 14. Be3 Nf8 15.
Bd3 Bd7 16. Rfe1 Be8 17. Rac1 Bg6 18. Bxg6 Nxg6 19. Rcd1 Rac8 20. Qe2 a6 21. Bc1
Re8 22. Be3 Nh4 23. Nxh4 Qxh4 24. g3 Qf6 25. Rd2 Ne7 26. Qg4 Nf5 27. Bf4 h5 28.
Qg5 Qxg5 29. Bxg5 b6 30. Rde2 Kf7 31. Rd2 Rc4 32. Rc1 Rec8 33. Re1 a5 34. Red1
Kg6 35. h4 a4 36. Na1 Rc1 37. Kg2 R1c4 38. Rd3 Rc1 39. Bxc1 b5 40. Bd2 Kf6 41.
Rc3 Re8 42. Be3 e5 43. dxe5+ Bxe5 44. Rc6+ Kf7 45. Rxd5 Ne7 46. Rd7 Kf8 47. Bc5
Bxb2 48. Bxe7+ Rxe7 49. Rxe7 Kxe7 50. Nc2 Bxa3 51. Nxa3 b4 52. Ra6 bxa3 53. Rxa4 1-0

[Event "Reykjavik Open 2018"]
[Site "Reykjavik ISL"]
[Date "2018.03.08"]
[Round "4.117"]
[White "Mancini, Pietro"]
[Black "Jonasson, Hordur"]
[Result "1/2-1/2"]
[WhiteElo "1020"]
[BlackElo "1539"]
[WhiteFideId "2854541"]
[BlackFideId "2311224"]
[EventDate "2018.03.06"]

1. d4 Nf6 2. Nf3 g6 3. c3 b6 4. Bf4 Bb7 5. Nbd2 d6 6. e3 a6 7. Be2 Bg7 8. O-O
O-O 9. Re1 Nbd7 10. Bd3 Re8 11. Bg3 e5 12. dxe5 Nxe5 13. Nxe5 dxe5 14. Bc2 Nh5
15. Be4 Bxe4 16. Nxe4 f5 17. Qxd8 Raxd8 18. Ng5 Bf6 19. h4 Nxg3 20. fxg3 Rd2 21.
Rab1 Bxg5 22. hxg5 Red8 23. Kh2 Rf2 24. Rf1 Rdd2 25. Rxf2 Rxf2 26. Rd1 f4 27.
gxf4 exf4 28. exf4 Rxf4 29. Rd8+ Kg7 30. Rd7+ Rf7 31. Rxf7+ Kxf7 32. Kg3 Ke6 33.
Kf4 Kd5 34. Ke3 b5 35. g4 c5 36. b3 a5 37. Kd3 a4 38. b4 a3 39. bxc5 Kxc5 40.
Kc2 Kc4 41. Kd2 1/2-1/2

[Event "Reykjavik Open 2018"]
[Site "Reykjavik ISL"]
[Date "2018.03.08"]
[Round "4.119"]
[White "Tummasarson, Flovin M."]
[Black "Magnusson, Thorsteinn"]
[Result "0-1"]
[WhiteElo "1303"]
[BlackElo "1435"]
[WhiteFideId "7202431"]
[BlackFideId "2310287"]
[EventDate "2018.03.06"]

1. e4 e6 2. d4 d5 3. exd5 exd5 4. Nf3 Bf5 5. c4 Nf6 6. Nc3 Be7 7. Qb3 Nc6 8.
cxd5 Nb4 9. Bb5+ Nd7 10. O-O Bc2 11. Qc4 Bd3 12. Bxd7+ Qxd7 13. Qb3 Bxf1 14. Ne5
Qf5 15. Kxf1 O-O 16. Nb5 Nc2 17. g4 Qe4 18. f3 Qe1+ 19. Kg2 Nxa1 20. Qd3 Qxc1 0-1

[Event "Reykjavik Open 2018"]
[Site "Reykjavik ISL"]
[Date "2018.03.08"]
[Round "4.120"]
[White "Signyjarson, Arnar Smari"]
[Black "Fjallheim, Benjamin Reinert"]
[Result "1/2-1/2"]
[WhiteElo "1351"]
[BlackElo "1293"]
[WhiteFideId "2316340"]
[BlackFideId "7202008"]
[EventDate "2018.03.06"]

1. e4 e5 2. Nf3 Nc6 3. Bc4 Bc5 4. c3 Nf6 5. d4 exd4 6. cxd4 Bb4+ 7. Nc3 Nxe4 8.
O-O Bxc3 9. bxc3 O-O 10. Qb3 Na5 11. Qb4 Nxc4 12. Qxc4 d5 13. Qb3 Re8 14. Bf4 c6
15. Rfe1 Bg4 16. Ne5 Qf6 17. Be3 Be6 18. Qxb7 Nxc3 19. Qxc6 Rec8 20. Qa6 Qe7 21.
Rec1 Rab8 22. Nc6 Rxc6 23. Qxc6 Ne2+ 24. Kf1 Nxc1 25. Rxc1 Qb7 26. Qxb7 Rxb7 27.
Rc5 Kf8 28. Ke1 Rb1+ 29. Rc1 Rb2 30. a3 Rb3 31. Bf4 Ke8 32. Bd6 Kd7 33. Bc5 a6
34. Kd2 Bf5 35. Rc3 Rb2+ 36. Ke3 Ke6 37. Bb4 Rc2 38. Rxc2 Bxc2 39. Kf4 Kf6 40.
h4 Kg6 41. g4 h5 42. g5 f6 43. Be7 f5 44. Ke5 Be4 45. f4 Kf7 46. Bc5 g6 47. a4
Bf3 48. a5 Be4 1/2-1/2

[Event "Reykjavik Open 2018"]
[Site "Reykjavik ISL"]
[Date "2018.03.10"]
[Round "5.2"]
[White "Hjartarson, Johann"]
[Black "Lenderman, Aleksandr"]
[Result "0-1"]
[WhiteTitle "GM"]
[BlackTitle "GM"]
[WhiteElo "2513"]
[BlackElo "2600"]
[WhiteFideId "2300044"]
[BlackFideId "2021285"]
[EventDate "2018.03.06"]

1. d4 d5 2. c4 e6 3. Nc3 a6 4. e3 Nf6 5. Nf3 c5 6. a3 dxc4 7. Bxc4 b5 8. Ba2 Bb7
9. O-O Be7 10. Qe2 Nbd7 11. Rd1 Qc7 12. Bd2 O-O 13. Rac1 Qb6 14. dxc5 Nxc5 15.
b4 Nce4 16. Be1 Rfd8 17. Nd4 Rac8 18. Nxe4 Bxe4 19. f3 Bd5 20. Bf2 Bxa2 21. Qxa2
Nd5 22. Qb3 Bf6 23. Ne2 Qb7 24. e4 Nb6 25. Rxc8 Rxc8 26. Nf4 Nc4 27. Nd3 Rd8 28.
Nc5 Qc8 29. Rxd8+ Qxd8 30. Nxa6 Qd2 31. Qb1 Nxa3 32. Qe1 Qc2 33. e5 Bg5 34. h4
Bd2 35. Qa1 Qd3 36. Nc5 Qc3 37. Qxc3 Bxc3 38. Nd3 Nc4 39. f4 h5 40. Bc5 Kh7 41.
Kf2 Kg6 42. Bf8 f6 43. exf6 gxf6 44. Bc5 Kf5 45. Nc1 Kg4 46. Ne2 Bd2 47. g3 e5
48. Be7 Kf5 49. Kf3 Nb6 50. fxe5 fxe5 51. g4+ hxg4+ 52. Kg2 Nd5 53. Ng3+ Ke6 54.
Bc5 Bxb4 55. Bxb4 Nxb4 56. Ne4 Nd5 57. Kg3 Nf6 0-1

[Event "Reykjavik Open 2018"]
[Site "Reykjavik ISL"]
[Date "2018.03.10"]
[Round "5.3"]
[White "Moradiabadi, Elshan"]
[Black "Nihal, Sarin"]
[Result "0-1"]
[WhiteTitle "GM"]
[BlackTitle "IM"]
[WhiteElo "2535"]
[BlackElo "2534"]
[WhiteFideId "12501255"]
[BlackFideId "25092340"]
[EventDate "2018.03.06"]

1. d4 Nf6 2. Nf3 g6 3. c4 Bg7 4. e3 O-O 5. Be2 b6 6. O-O Bb7 7. Nc3 e6 8. b3 d5
9. Ba3 Re8 10. Rc1 a6 11. Ne5 Nbd7 12. Nxd7 Qxd7 13. Bf3 Ne4 14. cxd5 exd5 15.
Nxe4 dxe4 16. Bg4 f5 17. Be2 b5 18. Qc2 Rec8 19. f4 exf3 20. Bxf3 Bxf3 21. Rxf3
c6 22. Bb4 Qd5 23. Qc5 Bf8 24. Qxd5+ cxd5 25. Bc5 Rc6 26. b4 h5 27. a4 bxa4 28.
Ra1 Bh6 29. Rxa4 Re8 30. Kf2 Re4 31. g3 h4 32. Ra3 Kf7 33. Kg2 Kf6 34. gxh4 Rxh4
35. Rc3 Kf7 36. Rb3 Re4 37. Rh3 g5 38. Rf3 Kg6 39. h3 g4 40. hxg4 fxg4 41. Rg3
Rce6 42. Kf2 Kf5 43. Ba7 Bg5 44. b5 Bh4 0-1

[Event "Reykjavik Open 2018"]
[Site "Reykjavik ISL"]
[Date "2018.03.10"]
[Round "5.4"]
[White "Haria, Ravi"]
[Black "Adhiban, Baskaran"]
[Result "0-1"]
[WhiteTitle "IM"]
[BlackTitle "GM"]
[WhiteElo "2424"]
[BlackElo "2650"]
[WhiteFideId "415820"]
[BlackFideId "5018471"]
[EventDate "2018.03.06"]

1. Nf3 c5 2. e4 d6 3. Bb5+ Nd7 4. O-O Nf6 5. Re1 a6 6. Bd3 g6 7. c3 Bh6 8. Bc2
Ne5 9. h3 O-O 10. Qe2 Nh5 11. d4 Bxc1 12. Rxc1 Nf4 13. Qe3 Nxf3+ 14. Qxf3 e5 15.
Rd1 Qg5 16. Kh2 cxd4 17. cxd4 Ne6 18. Qe3 Qf6 19. d5 Nd4 20. Bd3 Bd7 21. Nc3 Bb5
22. Rac1 Bxd3 23. Rxd3 Rfc8 24. Ne2 Nxe2 25. Rxc8+ Rxc8 26. Qxe2 Qf4+ 27. g3 Qc1
28. Qd2 Qxd2 29. Rxd2 Rc4 30. Re2 f5 31. f3 Kf7 32. Kg2 Kf6 33. h4 h5 34. Kh3 a5
35. Re3 b5 36. Rc3 Rxc3 37. bxc3 fxe4 38. fxe4 b4 39. cxb4 axb4 40. Kg2 Ke7 41.
Kf3 Kd7 42. Ke3 Kc7 43. Kd3 Kb6 44. Kc4 Ka5 45. Kb3 Kb5 46. a3 bxa3 47. Kxa3 Kc4
48. Ka4 Kd4 49. Kb5 Kxe4 50. Kc6 Kf3 51. Kxd6 e4 52. Kc5 e3 53. d6 e2 54. d7
e1=Q 55. d8=Q Qe5+ 56. Kc4 Kxg3 57. Kd3 Kh3 58. Kd2 Qf4+ 59. Ke2 Qxh4 60. Qd5
Qg4+ 0-1

[Event "Reykjavik Open 2018"]
[Site "Reykjavik ISL"]
[Date "2018.03.10"]
[Round "5.5"]
[White "Hamitevici, Vladimir"]
[Black "Rapport, Richard"]
[Result "0-1"]
[WhiteTitle "GM"]
[BlackTitle "GM"]
[WhiteElo "2512"]
[BlackElo "2715"]
[WhiteFideId "13902393"]
[BlackFideId "738590"]
[EventDate "2018.03.06"]

1. a3 h6 2. c4 c6 3. d4 d5 4. cxd5 cxd5 5. Nc3 Nf6 6. Bf4 Nc6 7. e3 Bg4 8. Be2
Bxe2 9. Ngxe2 e6 10. h3 Be7 11. O-O O-O 12. Na4 Rc8 13. b4 Bd6 14. Rc1 Ne4 15.
Nc5 Bxf4 16. Nxf4 Nxc5 17. Rxc5 b6 18. Rc3 Ne7 19. Rxc8 Qxc8 20. Qa4 a6 21. Nd3
Qb7 22. Rc1 Rc8 23. Rxc8+ Qxc8 24. Ne5 b5 25. Qa5 Nc6 26. Nxc6 Qxc6 27. g3 Kh7
28. Kh2 Kg6 29. Kg2 e5 30. Qd8 exd4 31. exd4 Qe6 32. Qa8 Kf5 33. Qa7 Ke4 34. Qc5
Kd3 35. Qc1 Qe4+ 36. Kg1 Qe2 37. Qb1+ Qc2 38. Qe1 Kc4 39. Qe8 Qb1+ 40. Kh2 Qf5
41. Qe3 Qe4 42. Qc1+ Kb3 43. Qa1 Qc2 44. Kg1 Qc3 0-1

[Event "Reykjavik Open 2018"]
[Site "Reykjavik ISL"]
[Date "2018.03.10"]
[Round "5.7"]
[White "L'Ami, Erwin"]
[Black "Thorhallsson, Throstur"]
[Result "1-0"]
[WhiteTitle "GM"]
[BlackTitle "GM"]
[WhiteElo "2634"]
[BlackElo "2419"]
[WhiteFideId "1007998"]
[BlackFideId "2300109"]
[EventDate "2018.03.06"]

1. d4 Nf6 2. Nf3 e6 3. Bf4 d5 4. e3 Be7 5. Nbd2 O-O 6. Bd3 c5 7. c3 Nc6 8. Ne5
Nxe5 9. dxe5 Nd7 10. Qh5 f5 11. g4 c4 12. Bc2 Nc5 13. gxf5 exf5 14. Nf3 Be6 15.
Rg1 Qe8 16. Qxe8 Raxe8 17. Nd4 Bd7 18. b4 cxb3 19. axb3 Kh8 20. b4 Ne4 21. e6
Bc8 22. Ba4 Rd8 23. Be5 Ng5 24. f4 Nxe6 25. Nxe6 Bxe6 26. Bxg7+ Kg8 27. Bd4+ 1-0

[Event "Reykjavik Open 2018"]
[Site "Reykjavik ISL"]
[Date "2018.03.10"]
[Round "5.8"]
[White "Cornette, Deimante"]
[Black "Cornette, Matthieu"]
[Result "1/2-1/2"]
[WhiteTitle "IM"]
[BlackTitle "GM"]
[WhiteElo "2447"]
[BlackElo "2620"]
[WhiteFideId "12802859"]
[BlackFideId "620084"]
[EventDate "2018.03.06"]

1. e4 c5 2. Nf3 Nc6 3. d4 cxd4 4. Nxd4 e6 5. Nc3 Qc7 6. Be3 a6 7. Qd2 Nf6 8. f4
Bb4 9. Bd3 Na5 10. a3 Bxc3 11. Qxc3 Qxc3+ 12. bxc3 d5 13. e5 Ne4 14. Nb3 Nc4 15.
Bxc4 dxc4 16. Nd2 Nxd2 17. Kxd2 Bd7 18. Bb6 Bc6 19. Ke3 f6 20. Rhf1 O-O 21. g3
fxe5 22. fxe5 Rxf1 23. Rxf1 Rf8 24. Rxf8+ Kxf8 25. Kd4 Ba4 26. Kxc4 Bxc2 27. Kc5
Ke7 28. Bc7 Kd7 29. Kb6 Be4 30. Bd6 Bc6 1/2-1/2

[Event "Reykjavik Open 2018"]
[Site "Reykjavik ISL"]
[Date "2018.03.10"]
[Round "5.9"]
[White "Christiansen, Johan-Sebastian"]
[Black "Landa, Konstantin"]
[Result "0-1"]
[WhiteTitle "IM"]
[BlackTitle "GM"]
[WhiteElo "2486"]
[BlackElo "2613"]
[WhiteFideId "1512668"]
[BlackFideId "4101685"]
[EventDate "2018.03.06"]

1. e4 e6 2. d4 d5 3. Nc3 Nf6 4. Bg5 dxe4 5. Nxe4 Be7 6. Bxf6 Bxf6 7. Nxf6+ Qxf6
8. Nf3 b6 9. Bb5+ Bd7 10. Qe2 O-O 11. O-O Bxb5 12. Qxb5 c6 13. Qc4 Qd8 14. Rfe1
Qd5 15. Qe2 Nd7 16. c4 Qa5 17. a3 Qf5 18. Rad1 Rfd8 19. Rd3 Rac8 20. Red1 b5 21.
b3 bxc4 22. bxc4 h6 23. h3 Qa5 24. Ne5 Nxe5 25. dxe5 Rxd3 26. Rxd3 Rb8 27. Qe4
Rb1+ 28. Kh2 Re1 29. Re3 Rxe3 30. Qxe3 c5 31. f4 h5 32. h4 Qb6 33. Qd3 Qc7 34.
Kh3 g6 35. Kg3 Kg7 36. Kh2 Qa5 37. Qe3 Qd8 38. g3 Qb6 39. Kg2 a5 40. Kg1 Qb1+
41. Kf2 Qa2+ 42. Qe2 Qxa3 43. f5 exf5 44. e6 fxe6 45. Qxe6 Qb2+ 46. Kg1 Qf6 47.
Qd7+ Qf7 48. Qb5 Qa7 49. Qa4 Qc7 50. Kg2 f4 51. gxf4 Qxf4 52. Qd7+ Qf7 53. Qd6
Qa7 54. Kg3 a4 55. Kf4 a3 56. Kg5 Qf7 57. Qc7 a2 58. Qe5+ Kh7 59. Qg7+ Qxg7 0-1

[Event "Reykjavik Open 2018"]
[Site "Reykjavik ISL"]
[Date "2018.03.10"]
[Round "5.10"]
[White "Lagarde, Maxime"]
[Black "Thavandiran, Shiyam"]
[Result "1-0"]
[WhiteTitle "GM"]
[BlackTitle "IM"]
[WhiteElo "2587"]
[BlackElo "2399"]
[WhiteFideId "662399"]
[BlackFideId "2605058"]
[EventDate "2018.03.06"]

1. d4 Nf6 2. c4 c5 3. d5 e6 4. Nc3 exd5 5. cxd5 d6 6. e4 g6 7. f4 Bg7 8. Bb5+
Nfd7 9. Nf3 a6 10. Bd3 b5 11. O-O O-O 12. Kh1 Nb6 13. f5 N8d7 14. Bg5 Bf6 15. h4
Re8 16. Qd2 Ne5 17. fxg6 fxg6 18. Nxe5 Bxg5 19. Qxg5 Qxg5 20. hxg5 dxe5 21. Rf6
Rb8 22. Be2 Bd7 23. Raf1 Rf8 24. Nd1 Kg7 25. Ne3 Rxf6 26. Rxf6 h6 27. Bg4 Bxg4
28. Nxg4 hxg5 29. Rc6 Rh8+ 30. Kg1 Rh4 31. Nf2 Na4 32. g3 Rh8 33. b3 Nc3 34.
Rc7+ Kf8 35. d6 Ne2+ 36. Kg2 Nd4 37. Ng4 Ne6 38. Re7 Nd8 39. Nxe5 Rh6 40. Nd7+ 1-0